Thermal processes and emission of atoms from the liquid phase target surface of a magnetron sputtering system; Russian Physics Journal; Vol. 58, № 4
| Parent link: | Russian Physics Journal.— , 1965- Vol. 58, № 4.— 2015.— [P. 431-437] |
|---|---|
| Autor principal: | |
| Autor corporatiu: | |
| Altres autors: | , |
| Sumari: | Title screen Mathematical models of thermal and erosion processes in the thermally insulated target of a magnetron sputtering system are constructed. With their help, the special features of forming the emission flux of atoms from the surface of the target whose material experiences first order phase transformations are obtained. The influence of the power density deposited into the magnetron discharge is investigated, the inhomogeneity of its distribution over the target surface is considered, and the special features of atom emission in pulsed-periodic plasma generation regimes are studied. The efficiency of the models is confirmed by a comparison of the calculated results with experimental measurements. Режим доступа: по договору с организацией-держателем ресурса |
| Idioma: | anglès |
| Publicat: |
2015
|
| Matèries: | |
| Accés en línia: | http://link.springer.com/article/10.1007/s11182-015-0517-6 |
| Format: | MixedMaterials Electrònic Capítol de llibre |
| KOHA link: | https://koha.lib.tpu.ru/cgi-bin/koha/opac-detail.pl?biblionumber=644006 |
MARC
| LEADER | 00000nla0a2200000 4500 | ||
|---|---|---|---|
| 001 | 644006 | ||
| 005 | 20250303144802.0 | ||
| 035 | |a (RuTPU)RU\TPU\network\9034 | ||
| 035 | |a RU\TPU\network\8609 | ||
| 090 | |a 644006 | ||
| 100 | |a 20151023d2015 k||y0rusy50 ba | ||
| 101 | 0 | |a eng | |
| 135 | |a drcn ---uucaa | ||
| 181 | 0 | |a i | |
| 182 | 0 | |a b | |
| 200 | 1 | |a Thermal processes and emission of atoms from the liquid phase target surface of a magnetron sputtering system |f G. A. Bleykher (Bleicher), V. P. Krivobokov, A. V. Yuryeva | |
| 203 | |a Text |c electronic | ||
| 300 | |a Title screen | ||
| 320 | |a [References: p. 437 (9 tit.)] | ||
| 330 | |a Mathematical models of thermal and erosion processes in the thermally insulated target of a magnetron sputtering system are constructed. With their help, the special features of forming the emission flux of atoms from the surface of the target whose material experiences first order phase transformations are obtained. The influence of the power density deposited into the magnetron discharge is investigated, the inhomogeneity of its distribution over the target surface is considered, and the special features of atom emission in pulsed-periodic plasma generation regimes are studied. The efficiency of the models is confirmed by a comparison of the calculated results with experimental measurements. | ||
| 333 | |a Режим доступа: по договору с организацией-держателем ресурса | ||
| 461 | |t Russian Physics Journal |d 1965- | ||
| 463 | |t Vol. 58, № 4 |v [P. 431-437] |d 2015 | ||
| 610 | 1 | |a электронный ресурс | |
| 610 | 1 | |a труды учёных ТПУ | |
| 700 | 1 | |a Bleykher (Bleicher) |b G. A. |c physicist |c Professor of Tomsk Polytechnic University, Doctor of Physical and Mathematical Sciences |f 1961- |g Galina Alekseevna |3 (RuTPU)RU\TPU\pers\31496 |9 15657 | |
| 701 | 1 | |a Krivobokov |b V. P. |c Russian physicist |c professor of Tomsk Polytechnic University (TPU), Doctor of Physical and Mathematical Sciences (DSc) |f 1948- |g Valery Pavlovich |3 (RuTPU)RU\TPU\pers\30416 |9 14757 | |
| 701 | 1 | |a Yuryeva |b A. V. |c specialist in the field of hydrogen energy and plasma technologies |c Associate Professor of Tomsk Polytechnic University, Candidate of Technical Sciences |f 1983- |g Alena Victorovna |3 (RuTPU)RU\TPU\pers\33389 |9 17084 | |
| 712 | 0 | 2 | |a Национальный исследовательский Томский политехнический университет (ТПУ) |b Физико-технический институт (ФТИ) |b Кафедра теоретической и экспериментальной физики (ТиЭФ) |3 (RuTPU)RU\TPU\col\18726 |
| 801 | 2 | |a RU |b 63413507 |c 20160312 |g RCR | |
| 856 | 4 | 0 | |u http://link.springer.com/article/10.1007/s11182-015-0517-6 |
| 942 | |c CF | ||